logo

Bir Sreshtho Munshi Abdur Rouf Library
Jhenaidah Cadet College

ইংরেজী উচ্চারণের অভিধান / (Record no. 5421)

MARC details
000 -LEADER
fixed length control field 00613nam a2200229 a 4500
001 - CONTROL NUMBER
JCCL Control Number 5421
003 - CONTROL NUMBER IDENTIFIER
JCCL marc code BD-JhCC
005 - DATE AND TIME OF LATEST TRANSACTION
control field 20171218125225.0
008 - FIXED-LENGTH DATA ELEMENTS--GENERAL INFORMATION
fixed length control field 171213s2016 bg |||| || | 000 0 eng d
020 ## - INTERNATIONAL STANDARD BOOK NUMBER
International Standard Book Number 9789843414991
035 ## - SYSTEM CONTROL NUMBER
system control number (BD-JhCC)5421
040 ## - CATALOGING SOURCE
Original cataloging agency BD-JhCC
Modifying agency BD-JhCC
041 ## - LANGUAGE CODE
Language code of Book eng
082 ## - DEWEY DECIMAL CLASSIFICATION NUMBER
Classification number 421.5
Author mark and Year RAH 2016
100 ## - MAIN ENTRY--PERSONAL NAME
Personal name Rahman, Amin
245 ## - TITLE STATEMENT
Title ইংরেজী উচ্চারণের অভিধান /
Statement of responsibility, etc Amin Rahman,
260 ## - PUBLICATION, DISTRIBUTION, ETC. (IMPRINT)
Place of publication, distribution, etc Dhaka :
Name of publisher, distributor, etc Zobeda & Amin Rahman,
Date of publication, distribution, etc 2016.
300 ## - PHYSICAL DESCRIPTION
Pagination 252 p. :
Dimensions 24 cm.
650 ## - SUBJECT ADDED ENTRY--TOPICAL TERM
Topical term or geographic name as entry element English Language
942 ## - ADDED ENTRY ELEMENTS (KOHA)
Source of classification or shelving scheme Dewey Decimal Classification
Koha item type Books
Holdings
Source of classification or shelving scheme Damaged status Not for loan Home library Current library Shelving location Date of accession Cost, normal purchase price Total Checkouts Full call number Barcode Date last seen Copy number Koha item type Source of acquisition Date checked out
Dewey Decimal Classification     JCC Rouf Library JCC Rouf Library General Stacks 12/13/2017 250.00   421.5 RAH 2016 7595 12/13/2017 C-1 Books    
Dewey Decimal Classification     JCC Rouf Library JCC Rouf Library General Stacks 12/13/2017 250.00 1 421.5 RAH 2016 7594 11/18/2024 C-2 Books University of Liberal Arts Bangladesh 11/11/2024
Dewey Decimal Classification     JCC Rouf Library JCC Rouf Library General Stacks 12/13/2017 250.00 1 421.5 RAH 2016 7593 11/13/2025 C-3 Books University of Liberal Arts Bangladesh 11/10/2025
Dewey Decimal Classification     JCC Rouf Library JCC Rouf Library General Stacks 12/13/2017 250.00 1 421.5 RAH 2016 7592 05/29/2025 C-4 Books University of Liberal Arts Bangladesh 04/27/2025

JCC Library | Contacts | JCC Home

Last Update on 23 September 2017
Copyright @ 2017-2020 JCC Rouf Library
Rouf Library, Jhenidah Cadet College (JCC), Bangladesh